Statistics for All Countries that had territory in the Balkans since 1800

Click here to take the quiz!

General Stats

  • This quiz has been taken 2,394 times
    (1,796 since last reset)
  • The average score is 20 of 25

Answer Stats

Years of existingAnswer% Correct
1878-1918, 2006-Serbia
98%
1867-1918Austria-Hungary
97%
1991-Croatia
97%
1821-Greece
97%
1877-Romania
97%
1908-Bulgaria
96%
2008-Kosovo
96%
1878-1918, 2006-Montenegro
96%
1912-1939, 1943-Albania
95%
1992-Bosnia and Herzegovina
95%
1920-1943, 1954-Italy
95%
1991-Slovenia
94%
1991-North Macedonia
93%
1923-Turkey
93%
1992-2003Federal Republic of Yugoslavia
91%
1918-1941, 1941-1992Yugoslavia
91%
1941-1945Germany
89%
1800-1923Ottoman Empire
86%
1800-1867Austrian Empire
83%
1805-1814France
76%
2003-2006Serbia and Montenegro
51%
1800-1808Ragusa
37%
1800-1806Holy Roman Empire
17%
1947-1954Free Territory of Trieste
16%
1920-1924Free City of Fiume
13%

Score Distribution

Percentile by Number Answered

Percent of People with Each Score

Your Score History

You have not taken this quiz since the last reset